000 00331nam a2200133 4500
008 191125s2018||||xo d
245 1 0 _aPraktická prírucka izbových rastlín
250 _a1.vydanie
260 _bItem
_aBratislava
_c2018
300 _a224s.
020 _a9788055168142
_c16,06
041 1 _aslo
044 _axo
_cSK
999 _c22822
_d22822